[Event "Let's Play Chess!"]
[Site "http://www.queenalice.com/game.php?id=1850265"]
[Date "2025.1.13"]
[Round "-"]
[White "cdare"]
[Black "Taurus"]
[Result "0-1"]
[WhiteElo "1805"]
[BlackElo "2209"]

1. e4 e5 2. Nf3 Nc6 3. Bc4 Nf6 4. Nc3 Be7 5. d3 O-O 6. O-O d6 7. h3 Na5 8. Bb3
Bd7 9. Bd2 c5 10. Nd5 Nxd5 11. Bxd5 Bc6 12. Bxc6 Nxc6 13. a3 Qd7 14. c3 b6 15.
Qc1 Na5 16. Qd1 f5 17. exf5 Qxf5 18. Qe2 Rae8 19. Nh2 Nb3 20. Rad1 Bd8 21. Be3
d5 22. Qg4 Qf7 23. d4 exd4 24. cxd4 c4 25. Nf3 Re4 26. Qc8 Bc7 27. Qa6 Qg6 28.
Kh1 Qd6 29. Ne5 Nxd4 30. Bxd4 Rxd4 31. Rxd4 Qxe5 32. f4 Qxd4 33. g3 Qe4+ 34. Kg1
Qd4+ 35. Kh1 Bb8 36. Qa4 Qxb2 37. Qb4 Qxb4 38. axb4 b5 39. Rd1 Rd8 40. Kg2 Kf7
41. Kf3 d4 42. Ke4 d3 43. Kf3 c3 44. Ke3 d2 45. Ke2 Kf6 46. Ke3 g5 47. fxg5+
Kxg5 0-1

[Event "Let's Play Chess!"]
[Site "http://www.queenalice.com/game.php?id=1850266"]
[Date "2025.1.13"]
[Round "-"]
[White "Taurus"]
[Black "cdare"]
[Result "1-0"]
[WhiteElo "2199"]
[BlackElo "1796"]

1. d4 Nf6 2. c4 e6 3. Bf4 d5 4. e3 Nc6 5. Nc3 Bd6 6. Bg5 Be7 7. Nf3 O-O 8. Bd3
b6 9. a3 Ba6 10. Qe2 h6 11. Bh4 Nh7 12. Bg3 Rc8 13. b4 dxc4 14. Bxh7+ Kxh7 15.
b5 Nxd4 16. Nxd4 Bb7 17. O-O Bf6 18. Qxc4 Bd5 19. Nxd5 Qxd5 20. Qxd5 exd5 21.
Rac1 Bxd4 22. exd4 Rfe8 23. Rfe1 Rxe1+ 24. Rxe1 c6 25. Rc1 c5 26. Bd6 c4 27. Kf1
f6 28. Re1 c3 29. Bf4 Rc4 30. Be3 c2 31. Ke2 Rc3 32. Ra1 Rb3 33. Rc1 Rxa3 34.
Rxc2 Rb3 35. Ra2 Rxb5 36. Rxa7 Ra5 37. Rc7 Ra8 38. Rb7 Ra6 39. Kd3 Kg8 40. Kc3
g5 41. Kb4 Ra1 42. Rxb6 Rb1+ 43. Kc5 Rxb6 44. Kxb6 Kf7 45. Kc6 Ke6 46. h4 Ke7
47. Kxd5 Kd7 48. hxg5 fxg5 49. Ke5 Ke7 50. Kf5 Kf7 51. d5 1-0

[Event "Challenge"]
[Site "http://www.queenalice.com/game.php?id=1857503"]
[Date "2025.5.18"]
[Round "-"]
[White "Taurus"]
[Black "cdare"]
[Result "1-0"]
[WhiteElo "2209"]
[BlackElo "2015"]

1. d4 Nf6 2. c4 e6 3. Nc3 Bb4 4. a3 Bxc3+ 5. bxc3 d5 6. cxd5 Nxd5 7. Qc2 Nc6 8.
e4 Nde7 9. Bg5 O-O 10. Nf3 b6 11. Bb5 Bb7 12. Rd1 a6 13. Bd3 Qc8 14. O-O Ng6 15.
e5 Qe8 16. Be4 Na5 17. Bxb7 Nxb7 18. Rfe1 Na5 19. c4 h6 20. Bd2 Rd8 21. Bb4 c5
22. dxc5 Nc6 23. cxb6 Nxb4 24. axb4 Rb8 25. c5 Qb5 26. Qb2 a5 27. Rb1 axb4 28.
Qxb4 Qxb4 29. Rxb4 Ne7 30. Rc1 Nc6 31. Re4 Rfd8 32. Kf1 Rd5 33. Ke2 Rdd8 34. Ke3
Rb7 35. Nd4 Nxd4 36. Rxd4 Re8 37. c6 Rxb6 38. c7 1-0

[Event "Challenge"]
[Site "http://www.queenalice.com/game.php?id=1858313"]
[Date "2025.6.4"]
[Round "-"]
[White "cdare"]
[Black "Taurus"]
[Result "0-1"]
[WhiteElo "1955"]
[BlackElo "2215"]

1. e4 e5 2. Nf3 Nc6 3. Nc3 Nf6 4. Bb5 a6 5. Bxc6 dxc6 6. d3 Bd6 7. h3 h6 8. O-O
c5 9. Be3 O-O 10. b3 b6 11. a4 Bb7 12. Ne2 c6 13. Ng3 Qc7 14. Nf5 Rad8 15. Qc1
Kh7 16. Bxh6 Ng8 17. Bxg7 Be7 18. Bxf8 Bxf8 19. Qg5 f6 20. Qh5+ Nh6 21. N3h4 Qf7
22. Qf3 Bc8 23. Nxh6 Bxh6 24. Nf5 Bf4 25. Qg4 Rh8 26. g3 Bg5 27. h4 Bd2 28. Qf3
Kg8 29. Nd6 Qe6 30. Nxc8 Qxc8 31. Qxf6 Qe8 32. Rad1 Bc3 33. Kg2 Rh7 34. f4 Rf7
35. Qg6+ Kh8 36. fxe5 Rf2+ 37. Rxf2 Qxg6 38. Rdf1 Bxe5 39. Rf8+ Kg7 40. R1f3 b5
41. R8f5 Qe6 42. Rg5+ Kh6 43. Rff5 Bd4 44. Rh5+ Kg7 45. Rfg5+ Kf8 46. Rf5+ Ke8
47. g4 c4 48. axb5 cxd3 49. cxd3 axb5 50. b4 Qa2+ 51. Kg3 Qe2 52. Rf3 Qe1+ 53.
Kf4 Qxb4 54. Rf5 Qd2+ 55. Kg3 b4 56. g5 b3 57. Rf8+ Ke7 58. Kg4 b2 59. Rb8 Qg2+
60. Rg3 Qxg3+ 61. Kxg3 Be5+ 0-1

[Event "Let's Play Chess!"]
[Site "http://www.queenalice.com/game.php?id=1861195"]
[Date "2025.8.7"]
[Round "-"]
[White "Charles56"]
[Black "Taurus"]
[Result "0-1"]
[WhiteElo "1798"]
[BlackElo "2226"]

1. e4 c5 2. Bc4 d6 3. Qf3 Nf6 4. h3 Nc6 5. c3 Ne5 6. Qe2 Qa5 7. Bb3 b5 8. a4 c4
9. Bc2 Ba6 10. d4 cxd3 11. Bxd3 Nxd3+ 12. Qxd3 b4 13. c4 Qc5 14. b3 Bb7 15. f3
Qe5 16. Ra2 g6 17. Bd2 Qg3+ 18. Kf1 Bxe4 19. Qe3 Bxb1 20. Ra1 Bf5 21. Ne2 Qe5
22. Qxe5 dxe5 23. g4 Bc2 24. Bxb4 Bxb3 0-1

[Event "Let's Play Chess!"]
[Site "http://www.queenalice.com/game.php?id=1861196"]
[Date "2025.8.7"]
[Round "-"]
[White "Taurus"]
[Black "Charles56"]
[Result "1-0"]
[WhiteElo "2227"]
[BlackElo "1791"]

1. d4 d5 2. Nf3 h6 3. Bf4 Nf6 4. e3 a6 5. c4 dxc4 6. Bxc4 e6 7. a3 Nc6 8. Nc3
Bd6 9. O-O O-O 10. Re1 Bxf4 11. exf4 Nh7 12. Qd2 b5 13. Bb3 Bb7 14. Rad1 Na5 15.
Ba2 Bxf3 16. gxf3 Nf6 17. Ne4 Nd5 18. Qxa5 Nxf4 19. Qd2 Nh3+ 20. Kh1 Qe7 21. Ng3
Rad8 22. Qe2 c5 23. d5 c4 24. Bb1 Nf4 25. Qe4 Nxd5 26. Rxd5 Rxd5 27. Qxd5 Qc7
28. Qe4 g6 29. Qe3 Re8 30. Qxh6 Qc6 31. Be4 Qc5 32. Kg2 e5 33. Rd1 c3 34. Nh5
gxh5 35. Qh7+ Kf8 36. Rd7 Re7 37. Qh8# 1-0